LEADER 02242nam 2200601Ia 450 001 9910455158203321 005 20200520144314.0 010 $a1-280-21192-X 010 $a9786610211920 010 $a0-309-59501-0 010 $a0-585-14380-3 035 $a(CKB)111004366659552 035 $a(OCoLC)728019958 035 $a(CaPaEBR)ebrary10056867 035 $a(SSID)ssj0000128682 035 $a(PQKBManifestationID)11138940 035 $a(PQKBTitleCode)TC0000128682 035 $a(PQKBWorkID)10070646 035 $a(PQKB)10578941 035 $a(MiAaPQ)EBC3376592 035 $a(Au-PeEL)EBL3376592 035 $a(CaPaEBR)ebr10056867 035 $a(OCoLC)923264992 035 $a(EXLCZ)99111004366659552 100 $a20040925d1990 my 0 101 0 $aeng 135 $aurcn||||||||| 181 $ctxt 182 $cc 183 $acr 200 10$aConfronting climate change$b[electronic resource] $estrategies for energy research and development /$fCommittee on Alternative Energy Research and Development Strategies, Energy Engineering Board, Commission on Engineering and Technical Systems, National Research Council ; for the United States Department of Energy, Office of Policy, Planning and Analysis, Office of Environmental Analysis 210 $aWashington, D.C. $cNational Academy Press$d1990 215 $a1 online resource (144 p.) 300 $aBibliographic Level Mode of Issuance: Monograph 311 $a0-309-04347-6 320 $aIncludes bibliographical references. 606 $aClimatic changes$xGovernment policy$zUnited States 606 $aPower resources$xResearch$zUnited States 606 $aGreenhouse gases$xEnvironmental aspects 606 $aGreenhouse effect, Atmospheric$xEnvironmental aspects 608 $aElectronic books. 615 0$aClimatic changes$xGovernment policy 615 0$aPower resources$xResearch 615 0$aGreenhouse gases$xEnvironmental aspects. 615 0$aGreenhouse effect, Atmospheric$xEnvironmental aspects. 676 $a363.73/87 801 0$bMiAaPQ 801 1$bMiAaPQ 801 2$bMiAaPQ 906 $aBOOK 912 $a9910455158203321 996 $aConfronting climate change$92240240 997 $aUNINA LEADER 01167nam a2200289 i 4500 001 991003950909707536 008 020 $a9788894181432 035 $ab14413966-39ule_inst 040 $aDip.to di Storia, Società e Studi sull'Uomo$bita 082 04$a709.03 082 04$a706.045632 245 00$aDa Raffaello a Balla :$bcapolavori dell?Accademia Nazionale di San Luca /$ca cura di Vittorio Sgarbi 260 $aBard :$bForte di Bard,$c2017 300 $a287 p. :$bill. ;$c28 cm 490 0 $aGrandi mostre 500 $aCatalogo della Mostra tenuta a Bard nel 2017-2018 650 4$aArte$ySec. 15.-20.$xAccademia Nazionale di San Luca$vCataloghi di esposizioni 650 4$aAccademia Nazionale di San Luca$vCataloghi 700 1 $aSgarbi, Vittorio 710 2 $aAccademia Nazionale di San Luca 907 $a.b14413966$b02-07-21$c02-07-21 912 $a991003950909707536 945 $aLE023 709.03 DAR 1 2$g20230$i2023000247532$lle023$og$pE50.00$q-$rn$so $t0$u0$v0$w0$x0$y.i1596436x$z02-07-21 996 $aDa Raffaello a Balla$91537492 997 $aUNISALENTO 998 $ale023$b02-07-21$cm$da $e-$fita$git $h0$i0